MARC

LEADER 00000nam0a2200000 4500
001 316825
005 20231102002919.0
035 |a (RuTPU)RU\TPU\book\342293 
090 |a 316825 
100 |a 20160330d1962 m y0rusy50 ca 
101 0 |a rus 
102 |a RU 
105 |a a j 001zy 
200 1 |a Курс радиотехники  |e учебное пособие для вузов  |f В. Ф. Власов 
210 |a Москва  |a Ленинград  |c Госэнергоиздат  |d 1962 
215 |a 928 с.  |c ил. 
320 |a Библиогр.: с. 927-928 
606 1 |a Радиотехника  |2 stltpush  |3 (RuTPU)RU\TPU\subj\71345  |9 85301 
610 1 |a учебные пособия 
610 1 |a сигналы 
610 1 |a радиотехнические цепи 
610 1 |a линейные цепи 
610 1 |a вынужденные колебания 
610 1 |a параллельный контур 
610 1 |a связанные цепи 
610 1 |a переходные процессы 
610 1 |a спектральный анализ 
610 1 |a волноводы 
610 1 |a объемные резонаторы 
610 1 |a антенны 
610 1 |a радиотехнические системы 
610 1 |a электронно-лучевые приборы 
610 1 |a электронные лампы 
610 1 |a полупроводниковые приборы 
610 1 |a электрические колебания 
610 1 |a усилители 
610 1 |a видеоусилители 
610 1 |a генерация 
610 1 |a автогенераторы 
610 1 |a импульсные устройства 
610 1 |a релаксационные генераторы 
610 1 |a радиопередающие устройства 
610 1 |a радиоприемные устройства 
675 |a 621.37(075.8)  |v 4 
700 1 |a Власов  |b В. Ф.  |g Виктор Федорович 
801 1 |a RU  |b 63413507  |c 20160330 
801 2 |a RU  |b 63413507  |c 20171027  |g RCR 
942 |c BK